LEADER 01028nam0-22003251i-450- 001 990007901490403321 005 20080630111812.0 010 $a3-518-29075-4 035 $a000790149 035 $aFED01000790149 035 $a(Aleph)000790149FED01 035 $a000790149 100 $a20040630d2000----km-y0itay50------ba 101 0 $ager 102 $aDE 105 $ay---a---001cy 200 1 $a<> Weg der Phänomenologie des Geistes$eein einführender Kommentar zu Hegels Differenzschrift und zur Phänomenologie des Geistes$fLudwig Siep 210 $aFrankfurt am Main$cSuhrkamp$d2000 215 $a382 p.$d18 cm 225 1 $aSuhrkamp-Taschenbuch Wissenschaft$v1475 610 0 $aHegel, Georg Wilhelm Friedrich 676 $a193$v21$zita 700 1$aSiep,$bLudwig$0152088 801 0$aIT$bUNINA$gRICA$2UNIMARC 901 $aBK 912 $a990007901490403321 952 $aP.1 8D HEGEL/S 185$bBibl. 44796$fFLFBC 959 $aFLFBC 996 $aWeg der Phänomenologie des Geistes$9670743 997 $aUNINA LEADER 02791nam 2200361 450 001 9910720571403321 005 20230703182425.0 035 $a(CKB)5710000000124286 035 $a(NjHacI)995710000000124286 035 $a(EXLCZ)995710000000124286 100 $a20230703d2012 uy 0 101 0 $aeng 135 $aur||||||||||| 181 $ctxt$2rdacontent 182 $cc$2rdamedia 183 $acr$2rdacarrier 200 10$aUnit Operations of Particulate Solids $eTheory and Practice /$fEnrique Ortega-Rivas 210 1$aBoca Raton :$cTaylor & Francis,$d2012. 215 $a1 online resource (474 pages) 320 $aIncludes bibliographical references and index. 327 $aCharacterization of Particulate Systems and Relation to Storage and Conveying: Introduction. Bulk Solids: Properties and Characterization. Storage and Conveying of Bulk Solids. Bulk Solids Processing: Size Reduction. Size Enlargement. Mixing. Fluidization. Separation Techniques for Particulate Solids: Introductory Aspects. Solid Mixtures. Solid-Fluid Systems. Appendices. Index. 330 $aSuitable for practicing engineers and engineers in training, Unit Operations of Particulate Solids: Theory and Practice presents the unit operations in chemical engineering that involve the handling and processing of particulate solids. The first part of the book analyzes primary and secondary properties of particles and particulate systems, focusing on their characterization and the effects on selection and design of silos and conveyors. Covering the main industrial operations of dry solids processing, the second part offers insight into the operation principles of the most important technologies that handle dry solids in bulk. With an emphasis on two-phase and multiphase flow, the final part describes all of the relevant systems in industrial processes that combine two different components of the state of matter as well as technologies for separating phases by purely mechanical means. Through clear explanations of theoretical principles and practical laboratory exercises, this book provides an understanding of the behavior of powders and pulverized systems. It also helps readers develop skills for operating, optimizing, and innovating particle processing technologies and machinery in order to carry out industrial operations, such as centrifugation, filtration, and membrane separations"--Provided by publisher. 517 $aUnit Operations of Particulate Solids 606 $aChemical processes 615 0$aChemical processes. 676 $a660.28 700 $aOrtega-Rivas$b Enrique$0518165 801 0$bNjHacI 801 1$bNjHacl 906 $aBOOK 912 $a9910720571403321 996 $aUnit operations of particulate solids$91763478 997 $aUNINA LEADER 02524oam 2200649 450 001 9910715466503321 005 20210326095201.0 035 $a(CKB)5470000002511378 035 $a(OCoLC)679038168$z(OCoLC)622196714$z(OCoLC)667871800$z(OCoLC)974647090$z(OCoLC)1153330113 035 $a(OCoLC)995470000002511378 035 $a(EXLCZ)995470000002511378 100 $a20101106d1992 ua 0 101 0 $aeng 135 $aurbn||||||||| 181 $ctxt$2rdacontent 182 $cc$2rdamedia 183 $acr$2rdacarrier 200 10$aDetailed study of selenium in soil, representative plants, water, bottom sediment, and biota in the Kendrick Reclamation Project area, Wyoming, 1988-90 /$fby Randolph B. See [and five others] 210 1$aCheyenne, Wyoming :$cU.S. Geological Survey,$d1992. 215 $a1 online resource (ix, 142 pages) $cillustrations, maps 225 1 $aWater-resources investigations report ;$v91-4131 300 $a" U.S. Geological Survey." 300 $a"U.S. Fish and Wildlife Service." 300 $a"U.S. Bureau of Reclamation." 300 $a"Wyoming Department of Environmental Quality." 320 $aIncludes bibliographical reference (pages 130-142). 606 $aSelenium in agriculture$zWyoming$zNatrona County 606 $aSoils$xSelenium content 606 $aIrrigation$xEnvironmental aspects$zWyoming$zNatrona County 606 $aIrrigation$xEnvironmental aspects$2fast 606 $aSelenium in agriculture$2fast 606 $aSoils$xSelenium content$2fast 607 $aWyoming$zNatrona County$2fast 615 0$aSelenium in agriculture 615 0$aSoils$xSelenium content. 615 0$aIrrigation$xEnvironmental aspects 615 7$aIrrigation$xEnvironmental aspects. 615 7$aSelenium in agriculture. 615 7$aSoils$xSelenium content. 700 $aSee$b Randolph B.$01387376 712 02$aGeological Survey (U.S.), 712 02$aU.S. Fish and Wildlife Service. 712 02$aUnited States.$bBureau of Reclamation. 712 02$aWyoming.$bDepartment of Environmental Quality. 801 0$bOCLCE 801 1$bOCLCE 801 2$bOCLCQ 801 2$bOCLCF 801 2$bOCLCQ 801 2$bOCLCO 801 2$bOCLCQ 801 2$bCOP 801 2$bGPO 906 $aBOOK 912 $a9910715466503321 996 $aDetailed study of selenium in soil, representative plants, water, bottom sediment, and biota in the Kendrick Reclamation Project area, Wyoming, 1988-90$93515819 997 $aUNINA